00437cam a2200157ua 45000010005000000080039000050400009000440820013000531000042000662450054001082500009001622600038001713000017002096530024002266530029002503706120204n ii |||gr||||Z||||||asm cMAIN a891.4514 aGoswami, Prakash,eEditor & compilor.11aAsamiya prabandha chayanced. by Prakash Goswami  a1st. aJorhat:bAssam sahitya sabha,992. a330p:c23cm. aAssamese literature aAsamiya prabandha chayan